5HLuxD.jpg

KING HENRY VIII SENIOR AND PRIMARY SCHOOL LIBRARY OPAC

Trapped! / (Record no. 1630)

000 -LEADER
fixed length control field 01106pam a2200337 a 4500
001 - CONTROL NUMBER
control field 015715553
003 - CONTROL NUMBER IDENTIFIER
control field Uk
005 - DATE AND TIME OF LATEST TRANSACTION
control field 20230116120931.0
008 - FIXED-LENGTH DATA ELEMENTS--GENERAL INFORMATION
fixed length control field 101208r20112006enka j 000|1 eng|d
015 ## - NATIONAL BIBLIOGRAPHY NUMBER
National bibliography number GBB0E7941
Source bnb
016 7# - NATIONAL BIBLIOGRAPHIC AGENCY CONTROL NUMBER
Record control number 015715553
Source Uk
020 ## - INTERNATIONAL STANDARD BOOK NUMBER
International Standard Book Number 9780198486572 :
040 ## - CATALOGING SOURCE
Original cataloging agency StDuBDS
Language of cataloging eng
Transcribing agency StDuBDS
Modifying agency Uk
-- KH8
042 ## - AUTHENTICATION CODE
Authentication code ukblsr
082 04 - DEWEY DECIMAL CLASSIFICATION NUMBER
Classification number 428.6 RID
Edition number 23
100 1# - MAIN ENTRY--PERSONAL NAME
Personal name Rider, Cynthia.
Relator term author
245 10 - TITLE STATEMENT
Title Trapped! /
Statement of responsibility, etc. written by Cynthia Rider ; based on the original characters created by Roderick Hunt and Alex Brycha ; illustrated by Alex Brychta.
260 ## - PUBLICATION, DISTRIBUTION, ETC.
Place of publication, distribution, etc. Oxford :
Name of publisher, distributor, etc. Oxford University Press,
Date of publication, distribution, etc. 2011, c2006.
300 ## - PHYSICAL DESCRIPTION
Extent 28 p. :
Other physical details col. ill. ;
Dimensions 18 cm.
336 ## - CONTENT TYPE
Content type term text
Source rdacontent
337 ## - MEDIA TYPE
Media type term unmediated
Source rdamedia
338 ## - CARRIER TYPE
Carrier type term volume
Source rdacarrier
490 0# - SERIES STATEMENT
Series statement Read with Biff, Chip & Kipper. First stories, Level 5
500 ## - GENERAL NOTE
General note Originally published: 2006.
500 ## - GENERAL NOTE
General note Formerly CIP.
Institution to which field applies Uk
655 #0 - INDEX TERM--GENRE/FORM
Genre/form data or focus term Readers (Elementary)
655 #0 - INDEX TERM--GENRE/FORM
Genre/form data or focus term Children's stories.
700 1# - ADDED ENTRY--PERSONAL NAME
Personal name Hunt, Roderick.
Relator term author
700 1# - ADDED ENTRY--PERSONAL NAME
Personal name Brychta, Alex.
Relator term author
942 ## - ADDED ENTRY ELEMENTS (KOHA)
Source of classification or shelving scheme
Koha item type Books - Non Ficton
Holdings
Withdrawn status Lost status Source of classification or shelving scheme Damaged status Not for loan Collection code Permanent Location Current Location Shelving location Date acquired Total Checkouts Full call number Barcode Date last seen Date last checked out Price effective from Koha item type
          Non-Fiction KH8 Primary School Library KH8 Primary School Library Non Fiction 2023-01-16 3 428.6 RID KHPL000003389 2025-12-05 2023-03-20 2023-01-16 Books - Non Ficton

Powered By KH8 IT Dept